Which Historical Event Happened First? - #1 - Statistics

General Stats
  • This quiz has been taken 583 times
  • The average score is 5 of 15
Answer Stats
Question Answer % Correct
Which happened first? A) Napoleon Bonaparte dies in Exile
62%
Which happened first? B) The United States signs the Oregon Treaty, establishing much of its border with British Canada to be at the 49th Parallel
56%
Which happened first? D) Orville Wright flies the first Airplane
56%
Which happened first? C) Italy launches an invasion of Greece
50%
Which happened first? D) The first line of the London Underground enters operation
41%
Which happened first? A) Canadian Confederation
32%
Which happened first? B) Sargon the Great rules over the Akkadian Empire
32%
Which happened first? C) Roman conquest of Cyprus
32%
Which happened first? A) The Song dynasty comes into power in China
26%
Which happened first? A) The UNEF Peacekeepers are created by the United nations
26%
Which happened first? A) Czechoslovakia breaks free from Austria-Hungary
21%
Which happened first? C) The city of Buenos Aires, Argentina is founded
21%
Which happened first? A) Basil II formally organizes the Varangian Guard
18%
Which happened first? C) The Aspero Pyramid is built by the Norte Chico civilization in Peru
18%
Which happened first? D) Shaka Zulu is assassinated by his brothers, King Dingane and Prince Mhlangana
12%
No matching quizzes found
Score Distribution
Percent of People with Each Score
Percentile by Number Answered
Your Score History
You have not taken this quiz